<?xml version="1.0" encoding="UTF-8"?>
<record
    xmlns:xsi="http://www.w3.org/2001/XMLSchema-instance"
    xsi:schemaLocation="http://www.loc.gov/MARC21/slim http://www.loc.gov/standards/marcxml/schema/MARC21slim.xsd"
    xmlns="http://www.loc.gov/MARC21/slim">

  <leader>01336nam a22002297a 4500</leader>
  <datafield tag="999" ind1=" " ind2=" ">
    <subfield code="c">22227</subfield>
    <subfield code="d">22227</subfield>
  </datafield>
  <controlfield tag="003">AR-CdUCM</controlfield>
  <controlfield tag="008">190425b           ||||| |||| 00| 0 spa d</controlfield>
  <datafield tag="040" ind1=" " ind2=" ">
    <subfield code="a">MUNICIPALIDAD PROVINCIAL DEL CUSCO</subfield>
    <subfield code="c">BIBLIOTECA MUNICIPAL DEL CUSCO</subfield>
  </datafield>
  <datafield tag="082" ind1=" " ind2=" ">
    <subfield code="a">Xullaka/N&#xB0;1/1956</subfield>
  </datafield>
  <datafield tag="245" ind1=" " ind2=" ">
    <subfield code="a">Xullaka :</subfield>
    <subfield code="b">&#xF3;rgano bimestral de la Asociaci&#xF3;n Cultural Xullaka /</subfield>
    <subfield code="c">Asociaci&#xF3;n Cultural Xullaka, Enrique Miranda C. Director</subfield>
  </datafield>
  <datafield tag="260" ind1=" " ind2=" ">
    <subfield code="a">Juliaca.</subfield>
    <subfield code="a">Cusco.</subfield>
    <subfield code="b">H.G. Rozas,</subfield>
    <subfield code="c">1956.</subfield>
  </datafield>
  <datafield tag="300" ind1=" " ind2=" ">
    <subfield code="a">24 p&#xE1;ginas. :</subfield>
    <subfield code="b">ilustraciones ;</subfield>
    <subfield code="c">28 cm.</subfield>
  </datafield>
  <datafield tag="440" ind1=" " ind2=" ">
    <subfield code="a">Xullaka.</subfield>
    <subfield code="n">A&#xF1;o I, N&#xB0;1, 24 de octubre 1956.</subfield>
    <subfield code="9">47683</subfield>
  </datafield>
  <datafield tag="505" ind1=" " ind2=" ">
    <subfield code="a">Contenido: Horizonte juliaque&#xF1;o. -- Ricardo Palma. --  Acuarela. -- El Sur del Per&#xFA; Comunista. -- Esperanza para un pueblo. -- Juliaca y la feria del 24 de setiembre. -- Lira Juliaca. -- El Inciensero .- La plaza de Santa Catalina y sus tradicionales domingos. -- El Toccoro. -- Matico de la vida costumbrista del altiplano. -- El problema del hambre en el pa&#xED;s. -- El colegio Elena de Santa Mar&#xED;a. -- Colegio franciscano San Rom&#xE1;n de Juliaca. -- Frigidez intelectual. -- Juliaca s&#xED;ntesis monogr&#xE1;fica.</subfield>
  </datafield>
  <datafield tag="650" ind1=" " ind2=" ">
    <subfield code="a">Historia Juliaca</subfield>
    <subfield code="9">47684</subfield>
  </datafield>
  <datafield tag="650" ind1=" " ind2=" ">
    <subfield code="a">Folklore</subfield>
    <subfield code="9">47685</subfield>
  </datafield>
  <datafield tag="650" ind1=" " ind2=" ">
    <subfield code="a">Revista Juliaca</subfield>
    <subfield code="9">47686</subfield>
  </datafield>
  <datafield tag="700" ind1=" " ind2=" ">
    <subfield code="a">Bustamante Luza, Carlos</subfield>
    <subfield code="9">47687</subfield>
  </datafield>
  <datafield tag="700" ind1=" " ind2=" ">
    <subfield code="a">Parada Manrique, Jos&#xE9;</subfield>
    <subfield code="9">14984</subfield>
  </datafield>
  <datafield tag="942" ind1=" " ind2=" ">
    <subfield code="2">ddc</subfield>
    <subfield code="c">PP</subfield>
  </datafield>
  <datafield tag="945" ind1=" " ind2=" ">
    <subfield code="a">rac</subfield>
  </datafield>
  <datafield tag="952" ind1=" " ind2=" ">
    <subfield code="0">0</subfield>
    <subfield code="2">ddc</subfield>
    <subfield code="4">0</subfield>
    <subfield code="7">0</subfield>
    <subfield code="a">HEM</subfield>
    <subfield code="b">HEM</subfield>
    <subfield code="c">CART</subfield>
    <subfield code="d">2022-03-29</subfield>
    <subfield code="o">Xullaka/N&#xB0;1/1956</subfield>
    <subfield code="p">REVC000855</subfield>
    <subfield code="r">2022-03-29</subfield>
    <subfield code="y">PP</subfield>
  </datafield>
</record>
